| 000 | 00605cam a2200169Mi 4500 | ||
|---|---|---|---|
| 020 | _a9789251064313 | ||
| 020 | _a9251064318 | ||
| 040 | _cNLGGC | ||
| 082 | _a631 FOO 2009 A091 Or. | ||
| 100 | 1 | _aSims, B. G. | |
| 245 | 1 | 0 |
_aFarm equipment supply chaons : _bguidelines for policy-makers and service providers : experiences from Kenya, Pakistan and Brazil / |
| 260 |
_aRome : _bFood and agriculture organization of the United nations (FAO), _c2009. |
||
| 300 |
_axv, 48 p. : _bill. ; _c30 cm. |
||
| 490 | 1 | _aAgricultural and food engineering technical report ; | |
| 700 | 1 | _aKienzle, Josef. | |
| 942 | _cEK | ||
| 999 |
_c15482 _d15482 |
||